000 00509nam a2200181 a 4500
001 16402
003 CO-ViMGA
008 141112s2004 ck r 000 u spa d
020 _a8495114690
040 _aCO-ViMGA
_bspa
_cCO-ViMGA
082 0 4 _a797.2 C163f
100 1 _aCapllonch Bujosa, Marta
_923449
245 1 0 _aFichero de actividades acuáticas básicas
260 _aBarcelon (España) :
_bInde,
_c2001
590 _aForma de adquisición : Premio - Mincultura
650 1 4 _aNATACION
942 _2ddc
_cBK
999 _c26268
_d26268